|
|
|
|
| LEADER |
00000nab a2200000 a 4500 |
| 001 |
vtls000859859 |
| 003 |
SK-MaSNL |
| 005 |
20260304122045.0 |
| 008 |
250429c2003 xo 0 slo |
| 015 |
|
|
|a SNBRB2004/01-03100
|
| 035 |
|
|
|a CLN000211477
|
| 035 |
|
|
|a urn:nbn:sk:snk-abbx25
|
| 035 |
|
|
|a (urnnbn)urn:nbn:sk:snk:ar-0018bx
|
| 035 |
|
|
|a (uuid)bf605765-c012-48da-846d-ec87cb76912b
|
| 040 |
|
|
|a SNKBUCL
|b slo
|c SNKBUCL
|e AACR2
|
| 041 |
0 |
|
|a eng
|
| 044 |
|
|
|a xo
|c SK
|
| 080 |
|
|
|a 577.15:578:616-097
|2 1997
|
| 100 |
1 |
|
|a Oh, Byung-Ha
|4 aut
|9 1427671
|
| 245 |
1 |
4 |
|a The same group of enzymes with different names: cyclomaltodextrinases, neopullulanases and maltogenic amylases
|c Byung-Ha Oh
|
| 300 |
|
|
|b Grafy, obr.
|
| 504 |
|
|
|a Res. angl.
|
| 504 |
|
|
|a Bibliogr. odkazy
|
| 650 |
0 |
7 |
|a amylázy
|2 MESH
|9 72763
|
| 650 |
0 |
7 |
|a Bacillus stearothermophilus
|x metabolizmus
|2 MESH
|9 1427672
|
| 650 |
0 |
7 |
|a enzýmy, koenzýmy a inhibítory enzýmov
|x analýza
|x biosyntéza
|x použitie diagnostické
|2 MESH
|9 1427673
|
| 650 |
0 |
7 |
|a Bacillus stearothermophilus
|x chémia
|x genetika
|2 MESH
|9 1427674
|
| 650 |
0 |
7 |
|a glykozylácia
|2 MESH
|9 1427675
|
| 655 |
|
7 |
|a články z novín a časopisov
|2 snkbucl
|9 267496
|
| 773 |
0 |
|
|t Biologia
|g Vol. 58, no. 3 (2003), s. 299-305
|x 0006-3088
|
| 850 |
|
|
|a Slovenská národná knižnica
|
| 852 |
|
|
|a Slovenská národná knižnica
|
| 954 |
|
|
|a odborná, vedecká literatúra cudzojazyčná (svetová)
|2 lita
|
| 958 |
|
|
|a article15
|
| 958 |
|
|
|a OND
|
| 958 |
|
|
|a NB
|
| 958 |
|
|
|a MI
|
| 958 |
|
|
|a EUIPO
|
| 992 |
|
|
|a RBX
|
| 999 |
|
|
|c 2887939
|d 2889869
|